Política y ciencias sociales

Saved in:
書目詳細資料
主要作者: Lipset, Seymour Martin (autor)
格式: 圖書
語言:西班牙语
出版: Madrid Guadiana 1971
主題:
標簽: 添加標簽
沒有標簽, 成為第一個標記此記錄!

MARC

LEADER 00000nam a2200000 a 4500
001 UCT6969
003 CL-VaPUC
008 970113e19710000SP |||||||||||||||||spa|d
082 0 4 |a 320  |b LIP  |2 21 
100 |a Lipset, Seymour Martin  |e autor  |9 451988 
245 1 0 |a Política y ciencias sociales 
300 |a 424 p 
942 |c BK 
945 |d 19970113 00:00:00  |a lriquelm 
260 |a Madrid  |b Guadiana  |c 1971 
650 0 |a Ciencias Políticas  |9 255201 
650 0 |a Antropología   |9 233030 
650 0 |a Sociología   |9 255410 
650 0 |a Sociología política   |9 255920 
650 0 |a Economía política  |9 255814 
650 0 |a Ciencias económicas   |9 377441 
650 0 |a Psiquiatría  |9 308427 
650 7 |a TEORIA POLITICA  |2 CL-VaPUC  |9 377442 
583 |a last modification  |c 19970113 00:00:00  |k Rodrigo Vera 
999 |c 255634  |d 255632 
952 |0 0  |1 0  |4 0  |6 320_000000000000000_LIP_1971  |7 0  |8 A  |9 277976  |a BIBDER  |b BIBDER  |d 2019-11-19  |i 1802348  |o 320 LIP 1971  |p 1802348  |r 2023-01-25  |w 2019-11-19  |y BK  |k DER